Memoir of Thomas Drummond, R.E.,F.R.A.S., under secretary to the lord lieutenant of Ireland, 1835-1840. (Record no. 89688)

MARC details
000 -LEADER
fixed length control field 00797cam a22002291i 4500
001 - CONTROL NUMBER
control field sd 18000119
003 - CONTROL NUMBER IDENTIFIER
control field DLC
005 - DATE AND TIME OF LATEST TRANSACTION
control field 20260227112730.0
008 - FIXED-LENGTH DATA ELEMENTS--GENERAL INFORMATION
fixed length control field 770215s1867 stkc b 000 0beng
010 ## - LIBRARY OF CONGRESS CONTROL NUMBER
LC control number sd 18000119
035 ## - SYSTEM CONTROL NUMBER
System control number (OCoLC)2740725
040 ## - CATALOGING SOURCE
Original cataloging agency DLC
Transcribing agency NSbSU
Modifying agency NSbSU
-- DLC
042 ## - AUTHENTICATION CODE
Authentication code premarc
050 00 - LIBRARY OF CONGRESS CALL NUMBER
Classification number DA950.23.D7
Item number M2
100 1# - MAIN ENTRY--PERSONAL NAME
Personal name McLennan, John Ferguson,
Dates associated with a name 1827-1881.
245 10 - TITLE STATEMENT
Title Memoir of Thomas Drummond, R.E.,F.R.A.S., under secretary to the lord lieutenant of Ireland, 1835-1840.
Statement of responsibility, etc. By John F. M'Lennan.
260 ## - PUBLICATION, DISTRIBUTION, ETC.
Place of publication, distribution, etc. Edinburgh,
Name of publisher, distributor, etc. Edmonston and Douglas,
Date of publication, distribution, etc. 1867.
300 ## - PHYSICAL DESCRIPTION
Extent vii, 475 p.
Other physical details port.
Dimensions 23 cm.
600 10 - SUBJECT ADDED ENTRY--PERSONAL NAME
Personal name Drummond, Thomas,
Dates associated with a name 1797-1840.
651 #0 - SUBJECT ADDED ENTRY--GEOGRAPHIC NAME
Geographic name Ireland
General subdivision Politics and government
Chronological subdivision 1800-1837.
651 #0 - SUBJECT ADDED ENTRY--GEOGRAPHIC NAME
Geographic name Ireland
General subdivision Politics and government
Chronological subdivision 1837-1901.

No items available.

Powered by Koha